Normal view
MARC view
- شكسبير،وليم ؛ ترجمة غازي جمال
Entry Personal Name
001 - CONTROL NUMBER
- control field: 15052
003 - CONTROL NUMBER IDENTIFIER
- control field: JO-AjAnu
005 - DATE AND TIME OF LATEST TRANSACTION
- control field: 20230606072713.0
008 - FIXED-LENGTH DATA ELEMENTS
- fixed length control field: 230606|| aca||aabn | a|a d
040 ## - CATALOGING SOURCE
- Original cataloging agency: JO-AjAnu
- Transcribing agency: JO-AjAnu
100 ## - HEADING--PERSONAL NAME
- Personal name: شكسبير،وليم ؛ ترجمة غازي جمال
670 ## - SOURCE DATA FOUND
- Source citation: Work cat.: (JO-AjAnu)7729: شكسبير،وليم ؛ ترجمة غازي جمال, author, مكبث